Datum a čas kvízu
29
Celkem bodů
Celkový počet nahraných bodů na tomto kvízu bez doplňovacích otázek.
4.
Pořadí na kvízu
Konečné umístění týmu na tomto kvízu.
Zaznamenané odpovědi
| # | Otázka | Odpověď | Body | Výsledky |
|---|---|---|---|---|
| 1. | Dopravní podnik hlavního města... | o bezkontaktní platební terminály | 0 | |
| 2. | Okázalé zahájení návštěvy seve... | Strojvůdce přejel místo, kde byl připraven červený koberec. | 1 | |
| 3. | Hlavní roli v pětadvacátém fil... | Rami Malek | 0 | |
| 4. | Kanadská těžařská společnosti... | Botswana | 1 | |
| 5. | Olomoucké hráčky ve třetím fin... | o volejbale | 1 | |
| 6. | Na obrázku vidíme nizozemské m... | Gouda | 1 | |
| 7. | Jak se jmenuje bývalá nizozems... | Beatrix | 1 | |
| 8. | Nizozemsko se může pyšnit slav... | brambory | 0 | |
| 9. | Nadnárodní společnost, která s... | Ahold | 0 | |
| 10. | Mezi nejoblíbenější sporty v N... | Hendrik Johannes Cruijff (Johan Cruyff) | 1 |